1594 1331 1114 1753 1177 1726 1356 1108 1268 1372 1121 1782 1985 1685 1227 1105 1484 1748 1822 1232 1522 1449 1589 1784 1707 1530 1841 1516 1102 1314 1597 1150 1857 1679 1399 1677 1870 1800 1684 1315 1738 1218 1157 1403 1936 1590 1137 1612 1639 1672 1201 1959 1474 1530 1341 1548 1691 1658 1501 1108 1780 1968 1438 1910 1871 1113 1930 1143 1831 1562 1518 1252 1877 1056 1972 1813 1862 1668 1359 1376 1159 1301 1562 1494 1117 1566 1166 1843 1728 1419 1063 1451 1012 1225 1697 1601 1090 1945 1347 BCNSPRNW ULIB Ver.6.0+V

เปลี่ยนเป็นภาษาไทย

Change to English
 แสดงรายละเอียดบรรณานุกรม
  กลับหน้าหลัก

Brief Record : Get Marc (ISO 2709) : E-mail record : QR code < ปิดหน้าต่าง
LEADER : 00000nam 2200000uu 4500
001    13399125051
003     ULIB
008    160607s2558||||th 000 0 tha d
020    ^a9786169232704
060  4 ^aWE250^bก451 ล.2
110 1  ^aมูลนิธิโรคกระดูกพรุนแห่งประเทศไทยฯ
245 00 ^aการดูแลรักษาภาวะกระดูกหักจากโรคกระดูกพรุนแบบองค์รวม 2=^bHolistic Management of Osteoporotic Fractures /^cบรรณาธิการ ทวี ทรงพัฒนาศิลป์.
246 0  ^aHolistic Management of Osteoporotic Fractures
250    ^aพิมพ์ครั้งที่ 1.
260    ^aกรุงเทพฯ :^bมูลนิธิโรคกระดูกพรุนแห่งประเทศไทยฯ,^c2558.
300    ^a2 เล่ม :^bภาพประกอบ
650  7 ^aกระดูกพรุน, โรค^xการรักษา
650  7 ^aกระดูกหัก^xการรักษา
700 0  ^aทวี ทรงพัฒนาศิลป์,^eบรรณาธิการ
945    ^p1800^l0^i001164
999    ^aเกษร โพธิ์สุวรรณ
รายการนี้ยังไม่มีแท็ก
คุณยังไม่ได้ล็อกอิน คุณสามารถมีกิจกรรมร่วมกับเว็บไซต์ได้ แต่ต้องล็อกอินก่อน ::
  ล็อกอิน

รายการสื่อสารสนเทศ

ลำดับที่ ประเภท เลขเรียก/บาร์โค้ด สถานที่ สถานะ
1. วิทยาศาสตร์การแพทย์ และสุขภาพ
วิทยาศาสตร์การแพทย์ และสุขภาพ
สถานะ=หนังสือเก่า
WE250 ก451 ล.2 ฉ.1 
  Barcode: 001164
ห้องสมุดวิทยาเขตสวรรค์ประชารักษ์
►ส่วนจัดเก็บหนังสือเก่า สปร
บนชั้น
  ขอยืม

BibComment


ยังไม่เคยถูกคอมเมนท์

คอมเมนท์ทรัพยากรรายการนี้
  คอมเมนท์: การดูแลรักษาภาวะ..


 Copyright 2026. Bcnsprnw @Library